[Event "Mercredi 2022.05.11 ABCD"]
[Site "Montreal CAN"]
[Date "2022.06.15"]
[Round "5"]
[White "Di Matteo, Alessio"]
[Black "Genzling, Jerome"]
[Result "1-0"]
[WhiteElo "1926"]
[BlackElo "2020"]
[PlyCount "86"]
[EventDate "2022.05.11"]
[EventType "tourn"]
[EventRounds "5"]
[EventCountry "CAN"]

1. d4 d5 2. c4 e6 3. Nc3 a6 4. cxd5 exd5 5. Qb3 c6 6. e4 dxe4 7. Bc4 Qc7 8. a4
h6 9. Nge2 Nf6 10. Bf4 Qe7 11. O-O g5 12. Be5 Bg7 13. Ng3 O-O 14. Rfe1 Nbd7 15.
Nf5 Qd8 16. Bd6 b5 17. axb5 cxb5 18. Bxb5 Nb6 19. Ne7+ Kh8 20. Nxc8 Rg8 21.
Nxb6 Qxb6 22. Bc5 Qb7 23. Bc4 Qxb3 24. Bxb3 Rgb8 25. Bxf7 Rxb2 26. Nxe4 Nd7 27.
Ba3 Rb6 28. Rad1 a5 29. h3 a4 30. Nc5 Nf6 31. Re6 Rb5 32. Rc6 Kh7 33. Bc4 Rbb8
34. Ne6 Rc8 35. d5 Nd7 36. Nxg7 Kxg7 37. Bb2+ Kf8 38. Ba3+ Kg7 39. Re1 Rxc6 40.
Re7+ Kf6 41. dxc6 Ne5 42. Re6+ Kf5 43. g4+ Kf4 1-0

[Event "Mercredi 2022.05.11 ABCD"]
[Site "Montreal CAN"]
[Date "2022.06.15"]
[Round "5"]
[White "Jacquet, Stephane"]
[Black "Guillemette, Hugo"]
[Result "1-0"]
[WhiteElo "1979"]
[BlackElo "1989"]
[PlyCount "128"]
[EventDate "2022.05.11"]
[EventType "tourn"]
[EventRounds "5"]
[EventCountry "CAN"]

1. d4 Nf6 2. c4 e6 3. Nf3 b6 4. g3 Ba6 5. Qc2 c5 6. Bg2 Nc6 7. dxc5 Bxc5 8. a3
Bb7 9. O-O O-O 10. Nc3 Rc8 11. Bf4 d5 12. b4 Nd4 13. Qb2 Nxf3+ 14. Bxf3 Bd4 15.
Rfd1 Rxc4 16. Rac1 e5 17. Bd2 e4 18. Bg2 Ng4 19. e3 Qf6 20. Be1 Be5 21. h3 Rfc8
22. hxg4 Bxc3 23. Bxc3 Rxc3 24. Rxc3 Rxc3 25. Bxe4 h5 26. g5 Qe5 27. Bxd5 Bxd5
28. Rxd5 Qxd5 29. Qxc3 Qxg5 30. Qc7 Qd5 31. Qxa7 Qd1+ 32. Kg2 Qd5+ 33. Kh2 Kh7
34. Qxb6 Qf3 35. Kg1 Qd1+ 36. Kg2 Qd5+ 37. Kh2 Qf3 38. e4 Qxe4 39. Qe3 Qc4 40.
Qf4 Qb3 41. Qe3 Qc4 42. Qc5 Qg4 43. b5 h4 44. Qe3 hxg3+ 45. Qxg3 Qc4 46. b6 Qb5
47. Qe3 Kg8 48. Qd4 Qh5+ 49. Kg2 Qg5+ 50. Kf3 Qf5+ 51. Ke3 Qg5+ 52. Kd3 Qb5+
53. Kc3 Qa5+ 54. Kb3 Qb5+ 55. Ka2 Qe2+ 56. Kb3 Qb5+ 57. Qb4 Qd3+ 58. Ka4 Qa6+
59. Kb3 Qd3+ 60. Kb2 Qe2+ 61. Kc3 Qe5+ 62. Kc4 Qe4+ 63. Kc5 Qc2+ 64. Kb5 Qe2+ {
time} 1-0

[Event "Mercredi 2022.05.11 ABCD"]
[Site "Montreal CAN"]
[Date "2022.06.15"]
[Round "5"]
[White "Kozlov, Guennadi"]
[Black "Baran, Marius"]
[Result "0-1"]
[WhiteElo "1833"]
[BlackElo "1753"]
[PlyCount "114"]
[EventDate "2022.05.11"]
[EventType "tourn"]
[EventRounds "5"]
[EventCountry "CAN"]

1. e4 c5 2. c3 g6 3. Nf3 Bg7 4. Bc4 e6 5. O-O Ne7 6. d4 cxd4 7. cxd4 d5 8. exd5
exd5 9. Bb3 O-O 10. Nc3 Nbc6 11. h3 h6 12. Bf4 a6 13. Qd2 Kh7 14. Rfe1 Be6 15.
Ne5 Nxe5 16. Bxe5 b5 17. Ne2 f6 18. Bh2 Qd7 19. Nf4 Bf7 20. Rac1 Rac8 21. Nd3
Rxc1 22. Rxc1 Rc8 23. Nc5 Qa7 24. Re1 Nc6 25. Bd6 f5 26. Bd1 Bxd4 27. b4 Re8
28. Rxe8 Bxe8 29. Qe1 Bf7 30. a3 Bg7 31. Bf3 Nd4 32. Bd1 Bf6 33. Nd3 Nc6 34.
Bc5 Qd7 35. Be3 d4 36. Bf4 Bc4 37. Nc5 Qc8 38. Qd2 a5 39. Bf3 axb4 40. axb4 g5
41. Bh2 Ne5 42. Be2 Qa8 43. f4 Qa1+ 44. Kf2 Nc6 45. Nd3 Qc3 46. Qxc3 dxc3 47.
Ke1 Be7 48. Nc5 Bxe2 49. Kxe2 Nxb4 50. Nb3 Bd6 51. Nd4 Nd5 52. Nxb5 Bxf4 53.
Bxf4 Nxf4+ 54. Kd1 Nxg2 55. Nd4 Ne3+ 56. Kc1 f4 57. Nf3 Kg6 0-1

[Event "Mercredi 2022.05.11 ABCD"]
[Site "Montreal CAN"]
[Date "2022.06.15"]
[Round "5"]
[White "Latorre, Vincent"]
[Black "Adam, Rafael"]
[Result "0-1"]
[WhiteElo "2169"]
[BlackElo "2043"]
[PlyCount "154"]
[EventDate "2022.05.11"]
[EventType "tourn"]
[EventRounds "5"]
[EventCountry "CAN"]

1. e4 e5 2. Nf3 Nc6 3. Bc4 Bc5 4. c3 Nf6 5. d3 d6 6. Bb3 O-O 7. h3 h6 8. O-O
Bb6 9. Re1 Ne7 10. Nbd2 c6 11. Nf1 Ng6 12. Ng3 Re8 13. d4 Be6 14. Bc2 Bc7 15.
Be3 Qd7 16. a4 a5 17. Bd3 Qe7 18. Nf5 Qd7 19. Ng3 Qe7 20. Qc2 Rad8 21. Rad1 Bc8
22. Nf5 Qf8 23. Nh2 d5 24. f3 Bxf5 25. exf5 Nf4 26. Ng4 Nxg4 27. Bxf4 exf4 28.
fxg4 Re3 29. Qf2 Rde8 30. Be2 Qe7 31. Kf1 Bd8 32. Bf3 Qh4 33. Rxe3 Rxe3 34. Rd2
Kf8 35. Qxh4 Bxh4 36. Rd1 Ke7 37. Be2 Kd6 38. Rb1 b6 39. Rd1 Bg3 40. Rd3 Re7
41. Rd1 c5 42. dxc5+ bxc5 43. Bc4 d4 44. b3 Kc6 45. cxd4 cxd4 46. Be2 Kd5 47.
Bf3+ Kc5 48. Be2 Re3 49. Rc1+ Rc3 50. Rxc3+ dxc3 51. Bd1 Kb4 52. Ke2 Ka3 53.
Kd3 Kb2 54. Bc2 Bh4 55. Bd1 Bf2 56. Bc2 Kc1 57. b4 axb4 58. a5 Bh4 59. a6 Bf2
60. Ba4 Kb2 61. Kc4 c2 62. Bxc2 Kxc2 63. Kxb4 Kd3 64. h4 Ke2 65. g5 f6 66. g6
Kf1 67. Kc4 Kxg2 68. Kd5 f3 69. Ke6 Bd4 70. Kf7 f2 71. Kxg7 f1=Q 72. Kh8 Qxa6
73. g7 Qc8+ 74. g8=Q+ Qxg8+ 75. Kxg8 Kg3 76. h5 Kg4 77. Kg7 Kxh5 0-1

[Event "Mercredi 2022.05.11 ABCD"]
[Site "Montreal CAN"]
[Date "2022.06.15"]
[Round "5"]
[White "Lima-Barbosa, Raphael"]
[Black "Singher, Jean-Pierre"]
[Result "0-1"]
[WhiteElo "1812"]
[BlackElo "1915"]
[PlyCount "44"]
[EventDate "2022.05.11"]
[EventType "tourn"]
[EventRounds "5"]
[EventCountry "CAN"]

1. d4 Nf6 2. c4 e6 3. Nc3 d5 4. cxd5 exd5 5. Bg5 Be7 6. e3 c6 7. Qc2 O-O 8. Bd3
Nbd7 9. Nf3 Re8 10. O-O Nf8 11. Rab1 a5 12. a3 Bd6 13. b4 Ng6 14. b5 Bg4 15.
Nh4 h6 16. Bxf6 Qxf6 17. Nxg6 fxg6 18. f3 Rxe3 19. Nd1 Rxd3 20. fxg4 Qxd4+ 21.
Nf2 Rd2 22. Qxg6 Bc5 0-1

[Event "Mercredi 2022.05.11 ABCD"]
[Site "Montreal CAN"]
[Date "2022.06.15"]
[Round "5"]
[White "Lopez Linares, Lizandro"]
[Black "Rodrigue-Lemieux, Shawn"]
[Result "0-1"]
[WhiteElo "2108"]
[BlackElo "2457"]
[PlyCount "54"]
[EventDate "2022.05.11"]
[EventType "tourn"]
[EventRounds "5"]
[EventCountry "CAN"]

1. d4 Nf6 2. Nf3 d5 3. c4 e6 4. Nc3 Bb4 5. cxd5 exd5 6. Bg5 h6 7. Bxf6 Qxf6 8.
Rc1 O-O 9. a3 Bxc3+ 10. Rxc3 c6 11. e3 Bg4 12. Be2 Bxf3 13. Bxf3 Nd7 14. O-O
Nb6 15. Be2 Nc8 16. b4 Nd6 17. b5 cxb5 18. Qb3 Nc4 19. Bxc4 bxc4 20. Qxb7 Qe6
21. Rb1 Qd6 22. Qb2 Rfb8 23. Qc2 Rxb1+ 24. Qxb1 Rb8 25. Qc2 Qb6 26. Kf1 Qb1+
27. Ke2 Rb2 0-1

[Event "Mercredi 2022.05.11 ABCD"]
[Site "Montreal CAN"]
[Date "2022.06.07"]
[Round "5"]
[White "Millette, Sylvain"]
[Black "Gauthier, Luc"]
[Result "1/2-1/2"]
[WhiteElo "1603"]
[BlackElo "1617"]
[PlyCount "52"]
[EventDate "2022.05.11"]
[EventType "tourn"]
[EventRounds "5"]
[EventCountry "CAN"]

1. Nf3 f5 2. e4 e5 3. Bc4 fxe4 4. Nxe5 Qg5 5. Ng4 d5 6. Be2 Bxg4 7. Bxg4 Nf6 8.
Bh3 Nc6 9. d4 Qg6 10. Be3 Ne7 11. Nc3 c6 12. Ne2 Qh5 13. Nf4 Qxd1+ 14. Rxd1 Ng6
15. O-O Bd6 16. Nxg6 hxg6 17. f3 O-O 18. Be6+ Kh7 19. Rd2 Rae8 20. Bh3 Nh5 21.
fxe4 Rxf1+ 22. Kxf1 Rxe4 23. Bg1 Rf4+ 24. Ke1 Re4+ 25. Re2 Rxe2+ 26. Kxe2 Nf4+
1/2-1/2

[Event "Mercredi 2022.05.11 ABCD"]
[Site "Montreal CAN"]
[Date "2022.06.15"]
[Round "5"]
[White "Nica, Ion"]
[Black "Kulenovic, Sacha"]
[Result "1-0"]
[WhiteElo "1696"]
[BlackElo "1668"]
[PlyCount "43"]
[EventDate "2022.05.11"]
[EventType "tourn"]
[EventRounds "5"]
[EventCountry "CAN"]

1. d4 h6 2. e4 g5 3. h4 gxh4 4. Qh5 Nf6 5. Qxh4 d6 6. Nc3 c5 7. Be3 Ng4 8. Bb5+
Nc6 9. O-O-O Nxe3 10. fxe3 cxd4 11. exd4 a6 12. Be2 Qa5 13. Bh5 Nd8 14. Qf2
Qg5+ 15. Kb1 Bg4 16. Nf3 Qf4 17. Rh4 Rg8 18. Nd5 Qxe4 19. Nc7+ Kd7 20. Nxa8 Qf5
21. Bxg4 Rxg4 22. Ne5+ 1-0

[Event "Mercredi 2022.05.11 ABCD"]
[Site "Montreal CAN"]
[Date "2022.06.14"]
[Round "5"]
[White "Toenz, Antoine"]
[Black "Cardin, Guillaume"]
[Result "1/2-1/2"]
[WhiteElo "2050"]
[BlackElo "2034"]
[PlyCount "39"]
[EventDate "2022.05.11"]
[EventType "tourn"]
[EventRounds "5"]
[EventCountry "CAN"]

1. e4 c5 2. Nc3 Nc6 3. Bb5 Nd4 4. Bc4 a6 5. d3 e6 6. Nf3 Nf6 7. e5 d5 8. exf6
dxc4 9. fxg7 Bxg7 10. dxc4 Bd7 11. Nxd4 Bxd4 12. Ne2 Qh4 13. Nxd4 cxd4 14. Qf3
Bc6 15. Qf4 Qxf4 16. Bxf4 Rg8 17. Rg1 Rxg2 18. Rxg2 Bxg2 19. Be5 Bf3 20. Kd2
1/2-1/2

[Event "Mercredi 2022.08.31 ABCD"]
[Site "Montreal CAN"]
[Date "2022.08.31"]
[Round "1"]
[White "Adam, Rafael"]
[Black "Genzling, Jerome"]
[Result "1-0"]
[WhiteElo "2030"]
[BlackElo "1997"]
[PlyCount "71"]
[EventDate "2022.08.31"]
[EventType "tourn"]
[EventRounds "5"]
[EventCountry "CAN"]

1. d4 d5 2. c4 e6 3. Nf3 a6 4. g3 Nf6 5. Bg2 Nbd7 6. O-O Rb8 7. Qc2 Bd6 8. Nbd2
O-O 9. e4 dxe4 10. Ng5 b5 11. b3 e5 12. c5 Be7 13. c6 Nb6 14. dxe5 Nfd5 15.
Ndxe4 Bf5 16. h4 h6 17. Nh3 Qc8 18. Kh2 Nb4 19. Qe2 Nxc6 20. Bb2 Rd8 21. Rfd1
Nb4 22. Nf4 Kh8 23. Qh5 Kg8 24. Rxd8+ Bxd8 25. Rc1 Bg4 26. Nd6 Qd7 27. e6 Bxh5
28. exd7 Bg4 29. Ne8 Bxd7 30. Nxg7 Nxa2 31. Re1 Nb4 32. Bh3 Bxh3 33. Re8+ Kh7
34. Nge6 Bf6 35. Nf8+ Kg7 36. Nh5+ 1-0

[Event "Mercredi 2022.08.31 ABCD"]
[Site "Montreal CAN"]
[Date "2022.08.31"]
[Round "1"]
[White "Autotte, Daniel"]
[Black "Brassard, Sylvain"]
[Result "0-1"]
[WhiteElo "1690"]
[BlackElo "1694"]
[PlyCount "92"]
[EventDate "2022.08.31"]
[EventType "tourn"]
[EventRounds "5"]
[EventCountry "CAN"]

1. d4 d5 2. Bf4 Bf5 3. e3 e6 4. Bd3 Bxd3 5. Qxd3 c6 6. Nf3 Bd6 7. Bg3 Nf6 8.
Nbd2 O-O 9. O-O Bxg3 10. hxg3 Nbd7 11. c3 Qc7 12. Rfe1 Rad8 13. e4 dxe4 14.
Nxe4 c5 15. Qc4 Rc8 16. dxc5 Nxe4 17. Qxe4 Nxc5 18. Qc2 h6 19. Rad1 Rcd8 20.
Rxd8 Rxd8 21. Rd1 Rd6 22. Rxd6 Qxd6 23. b3 Qd3 24. Ne1 Qxc2 25. Nxc2 Nd3 26.
Na1 Nc1 27. c4 Nxa2 28. Kf1 Nb4 29. Ke2 Kf8 30. Kd2 Ke7 31. Kc3 a5 32. Kd4 Kd6
33. c5+ Kc6 34. Kc4 e5 35. f3 f5 36. f4 exf4 37. gxf4 g5 38. Kd4 gxf4 39. Ke5
Nd3+ 40. Kxf5 Kxc5 41. Nc2 b5 42. Ke4 Nc1 43. Na1 Kb4 44. Kxf4 Nxb3 45. Nc2+
Kc3 46. Na3 Nd4 0-1

[Event "Mercredi 2022.08.31 ABCD"]
[Site "Montreal CAN"]
[Date "2022.08.31"]
[Round "1"]
[White "Batorshyn, Ilia"]
[Black "Plante, Michel"]
[Result "1-0"]
[WhiteElo "2042"]
[BlackElo "2008"]
[PlyCount "77"]
[EventDate "2022.08.31"]
[EventType "tourn"]
[EventRounds "5"]
[EventCountry "CAN"]

1. d4 d5 2. c4 e6 3. Nc3 c6 4. Nf3 Nf6 5. e3 Nbd7 6. Qc2 Bd6 7. b3 O-O 8. Bb2
Re8 9. Be2 b6 10. O-O Bb7 11. Rfd1 Qe7 12. e4 e5 13. dxe5 Nxe5 14. exd5 cxd5
15. cxd5 Rac8 16. Qf5 g6 17. Qg5 h6 18. Qh4 Neg4 19. h3 Nxf2 20. Qxf2 Rxc3 21.
Bxc3 Ne4 22. Qe3 Nxc3 23. Qxc3 Qxe2 24. Re1 Qb5 25. Rxe8+ Qxe8 26. Rd1 Qd8 27.
Qc4 Kh7 28. Kh1 Qf6 29. Qh4 g5 30. Qe4+ Kg7 31. Qd4 Kg6 32. Qxf6+ Kxf6 33. Nd4
Bxd5 34. Nb5 Ke6 35. Nxa7 f5 36. Nb5 Be5 37. Nd4+ Bxd4 38. Rxd4 Ke5 39. Rb4 1-0

[Event "Mercredi 2022.08.31 ABCD"]
[Site "Montreal CAN"]
[Date "2022.08.31"]
[Round "1"]
[White "Cote, Etienne"]
[Black "Baran, Marius"]
[Result "1-0"]
[WhiteElo "1769"]
[BlackElo "1781"]
[PlyCount "53"]
[EventDate "2022.08.31"]
[EventType "tourn"]
[EventRounds "5"]
[EventCountry "CAN"]

1. e4 d5 2. exd5 Nf6 3. d4 Nxd5 4. c4 Nb4 5. Be3 Bf5 6. Na3 e6 7. Nf3 Be7 8.
Be2 O-O 9. O-O Nd7 10. Nb5 a6 11. Nc3 c5 12. Rc1 Rc8 13. a3 Nc6 14. d5 Nce5 15.
Bf4 Nxf3+ 16. Bxf3 e5 17. Be3 Bd6 18. Be4 Qf6 19. Qc2 Bxe4 20. Nxe4 Qg6 21. f4
exf4 22. Nxd6 Qxd6 23. Bxf4 Qg6 24. Qb3 Qb6 25. Qh3 Nf6 26. Be5 Ne8 27. Qxc8
1-0

[Event "Mercredi 2022.08.31 ABCD"]
[Site "Montreal CAN"]
[Date "2022.08.31"]
[Round "1"]
[White "Gadbois, Patrick"]
[Black "Chapdelaine, Gwyn"]
[Result "0-1"]
[WhiteElo "1904"]
[BlackElo "1873"]
[PlyCount "84"]
[EventDate "2022.08.31"]
[EventType "tourn"]
[EventRounds "5"]
[EventCountry "CAN"]

1. d4 Nf6 2. Nf3 d5 3. Bf4 Bf5 4. e3 Nbd7 5. c4 e6 6. Nc3 Bd6 7. Bxd6 cxd6 8.
cxd5 exd5 9. Bd3 Be4 10. O-O O-O 11. Rc1 Rc8 12. Qe2 a6 13. Nd2 Re8 14. f3 Bg6
15. Bxg6 hxg6 16. Qd3 Qb6 17. Rc2 Nb8 18. Rfc1 Nc6 19. a3 Re7 20. b4 Rce8 21.
Nf1 Re6 22. Na4 Qa7 23. b5 axb5 24. Qxb5 Ne7 25. Rc7 Nf5 26. Rxb7 Qa8 27. Rcc7
Nxe3 28. Nxe3 Rxe3 29. h3 Rf8 30. Rxf7 Rxf7 31. Rb8+ Rf8 32. Rxa8 Rxa8 33. Qb4
Kh7 34. Nc3 Rc8 35. Nb5 Rc1+ 36. Kf2 Rd3 37. Nxd6 Nh5 38. Qb2 Rdc3 39. Qb8
R1c2+ 40. Kg1 Nf4 41. Nf7 Rxg2+ 42. Kf1 Rc1# 0-1

[Event "Mercredi 2022.08.31 ABCD"]
[Site "Montreal CAN"]
[Date "2022.08.31"]
[Round "1"]
[White "Latorre, Vincent"]
[Black "Leveille, Francois"]
[Result "0-1"]
[WhiteElo "2136"]
[BlackElo "2323"]
[PlyCount "38"]
[EventDate "2022.08.31"]
[EventType "tourn"]
[EventRounds "5"]
[EventCountry "CAN"]

1. e4 d6 2. d4 g6 3. Nc3 Bg7 4. Be3 a6 5. g4 b5 6. Bg2 Bb7 7. h4 Nf6 8. g5 Nfd7
9. h5 Rg8 10. hxg6 hxg6 11. Qd2 Nb6 12. O-O-O N8d7 13. Nh3 Nc4 14. Qe2 c5 15.
Bf3 Qa5 16. Nb1 Qxa2 17. c3 cxd4 18. Bxd4 Bxd4 19. Rxd4 Nc5 0-1

[Event "Mercredi 2022.08.31 ABCD"]
[Site "Montreal CAN"]
[Date "2022.08.31"]
[Round "1"]
[White "Lima-Barbosa, Raphael"]
[Black "Di Matteo, Alessio"]
[Result "0-1"]
[WhiteElo "1835"]
[BlackElo "1909"]
[PlyCount "62"]
[EventDate "2022.08.31"]
[EventType "tourn"]
[EventRounds "5"]
[EventCountry "CAN"]

1. d4 Nf6 2. c4 e6 3. Nc3 Bb4 4. e3 O-O 5. Bd3 d5 6. Nf3 c5 7. O-O cxd4 8. exd4
dxc4 9. Bxc4 b6 10. a3 Bxc3 11. bxc3 Nbd7 12. Bb2 Bb7 13. Rc1 Re8 14. Re1 Qc7
15. Ba2 Rad8 16. c4 Qf4 17. Rc3 Nc5 18. Qc2 Na4 19. Rd3 Nxb2 20. Qxb2 Bxf3 21.
gxf3 Qh6 22. Rde3 Nh5 23. Kh1 Nf4 24. Rg1 Qf6 25. Rg4 Qxd4 26. Qc1 Qd1+ 27. Rg1
Qxc1 28. Rxc1 Rd2 29. Bb1 Red8 30. Ree1 Rxf2 31. c5 Rdd2 0-1

[Event "Mercredi 2022.08.31 ABCD"]
[Site "Montreal CAN"]
[Date "2022.08.31"]
[Round "1"]
[White "Mok, Yuen Tak"]
[Black "Beaudry, Marc-Andre"]
[Result "0-1"]
[WhiteElo "2056"]
[BlackElo "2010"]
[PlyCount "46"]
[EventDate "2022.08.31"]
[EventType "tourn"]
[EventRounds "5"]
[EventCountry "CAN"]

1. Nf3 d5 2. c4 c6 3. e3 Nf6 4. Nc3 e6 5. b3 Bd6 6. Qc2 O-O 7. d4 Nbd7 8. Be2
b6 9. O-O Bb7 10. Bb2 Rc8 11. Rad1 Qe7 12. Rfe1 Rfd8 13. Bf1 c5 14. dxc5 Nxc5
15. Nd4 dxc4 16. Bxc4 a6 17. Be2 Nce4 18. Rd3 Nd5 19. Nxd5 Bxd5 20. Qd1 Bxh2+
21. Kxh2 Qh4+ 22. Kg1 Qxf2+ 23. Kh2 Nc3 0-1

[Event "Mercredi 2022.08.31 ABCD"]
[Site "Montreal CAN"]
[Date "2022.08.31"]
[Round "1"]
[White "Rodrigue-Lemieux, Shawn"]
[Black "Guipi Bopala, Prince Eric jr"]
[Result "1-0"]
[WhiteElo "2481"]
[BlackElo "2079"]
[PlyCount "63"]
[EventDate "2022.08.31"]
[EventType "tourn"]
[EventRounds "5"]
[EventCountry "CAN"]

1. e4 c6 2. Nf3 d5 3. d3 g6 4. e5 Bg7 5. d4 Nh6 6. h3 f6 7. Bd3 Nf7 8. Qe2 O-O
9. e6 Nd6 10. h4 Ne4 11. Bxe4 dxe4 12. Qxe4 Qd6 13. Qe2 Bxe6 14. Bf4 Qd7 15.
Nc3 Na6 16. O-O-O Nb4 17. Rhe1 Kf7 18. Ne4 Bf5 19. Bd2 Na6 20. h5 Bxe4 21. Qxe4
Nc7 22. Qf4 Kg8 23. Qe4 Kf7 24. g4 Rfe8 25. hxg6+ hxg6 26. Nh4 Qd5 27. Qxg6+
Kf8 28. Nf5 Qf7 29. Qh7 Qg8 30. Qxg8+ Kxg8 31. Nxe7+ Kf7 32. Nf5 1-0

[Event "Mercredi 2022.08.31 ABCD"]
[Site "Montreal CAN"]
[Date "2022.08.31"]
[Round "1"]
[White "Singher, Jean-Pierre"]
[Black "San Roman, Oscar"]
[Result "1-0"]
[WhiteElo "1906"]
[BlackElo "1911"]
[PlyCount "149"]
[EventDate "2022.08.31"]
[EventType "tourn"]
[EventRounds "5"]
[EventCountry "CAN"]

1. d4 Nf6 2. c4 g6 3. h4 Bg7 4. Nc3 d6 5. e4 Nbd7 6. Be2 h5 7. Nf3 e5 8. d5 Nc5
9. Bg5 Bg4 10. O-O a5 11. Ne1 Bxe2 12. Qxe2 Qd7 13. Nd3 Nxd3 14. Qxd3 Nh7 15.
Bd2 Qe7 16. g3 g5 17. hxg5 Nxg5 18. Kg2 h4 19. gxh4 Nh7 20. Rh1 Bf6 21. Rag1
O-O-O 22. Kf1 Nf8 23. h5 Nd7 24. Be3 Rdg8 25. Rxg8+ Rxg8 26. h6 Bh8 27. Qd1 Qf6
28. Qh5 Nc5 29. h7 Rg6 30. Qf5+ Nd7 31. Qh5 Qg7 32. Qh3 Kd8 33. Bh6 Qf6 34. Be3
Qg7 35. Ne2 Nf6 36. Ng3 Ng4 37. Nf5 Qf6 38. Qh4 Ke8 39. Rg1 Nxe3+ 40. fxe3
Rxg1+ 41. Kxg1 Qxh4 42. Nxh4 Ke7 43. Nf5+ Kf6 44. b3 Kg6 45. a3 Kxh7 46. b4
axb4 47. axb4 Bf6 48. c5 dxc5 49. bxc5 Kg8 50. d6 cxd6 51. Nxd6 Be7 52. Nxb7
Kf8 53. c6 Ke8 54. Kg2 Bd8 55. Nd6+ Ke7 56. Nb5 Bb6 57. Kf3 Ke6 58. Ke2 Ke7 59.
Kd3 Ke6 60. Na3 Bc7 61. Kc4 Bb6 62. Nc2 Kd6 63. Kb5 Kc7 64. Nb4 Ba7 65. Nd5+
Kc8 66. c7 Kb7 67. Kc4 Kc8 68. Kb4 Kb7 69. Kb5 f6 70. Kc4 Kc8 71. Kb4 Kd7 72.
Kb5 Bxe3 73. Nxe3 Kxc7 74. Nd5+ Kd6 75. Nxf6 1-0

[Event "Mercredi 2022.08.31 ABCD"]
[Site "Montreal CAN"]
[Date "2022.08.31"]
[Round "1"]
[White "Wang, Rachel"]
[Black "Kozlov, Guennadi"]
[Result "1-0"]
[WhiteElo "1726"]
[BlackElo "1752"]
[PlyCount "93"]
[EventDate "2022.08.31"]
[EventType "tourn"]
[EventRounds "5"]
[EventCountry "CAN"]

1. d4 d5 2. c4 c6 3. Nf3 e6 4. e3 Nf6 5. b3 Bb4+ 6. Nbd2 Ne4 7. Bd3 Bc3 8. Rb1
Bxd2+ 9. Bxd2 Nxd2 10. Qxd2 O-O 11. O-O Nd7 12. Rbc1 Nf6 13. Ne5 Bd7 14. c5 Qc7
15. Qc2 Be8 16. f4 g6 17. Qf2 Nh5 18. g4 Ng7 19. Qh4 f6 20. Nf3 Qf7 21. g5 Nf5
22. Bxf5 exf5 23. gxf6 Qxf6 24. Qxf6 Rxf6 25. Kf2 a5 26. a4 Re6 27. Ne5 Kg7 28.
Rb1 Ra6 29. b4 Re7 30. Rfc1 b5 31. cxb6 Rxb6 32. bxa5 Ra6 33. Rc5 Rea7 34. Rb8
Re7 35. Rb6 Rea7 36. Nxc6 Bxc6 37. Rcxc6 Rxa5 38. Rd6 Rxa4 39. Rxd5 Ra2+ 40.
Kg3 Rd2 41. Re5 Raa2 42. h3 Ra3 43. Kf3 Rh2 44. Re7+ Kf8 45. Rxh7 Kg8 46. Rd7
Ra8 47. Rxg6+ 1-0

[Event "Mercredi 2022.08.31 ABCD"]
[Site "Montreal CAN"]
[Date "2022.08.31"]
[Round "1"]
[White "Yu, Zong Yang"]
[Black "Cardin, Guillaume"]
[Result "1-0"]
[WhiteElo "2489"]
[BlackElo "2083"]
[PlyCount "47"]
[EventDate "2022.08.31"]
[EventType "tourn"]
[EventRounds "5"]
[EventCountry "CAN"]

1. Nf3 d5 2. d4 Nf6 3. c4 c6 4. Nc3 e6 5. Bg5 Nbd7 6. e3 Qa5 7. Nd2 Bb4 8. Qc2
dxc4 9. Bxf6 Nxf6 10. Nxc4 Qc7 11. Be2 O-O 12. O-O b6 13. Rac1 Ba6 14. Ne5 Bxe2
15. Nxe2 Rac8 16. Qxc6 Qb8 17. Qf3 Bd6 18. Nc6 Qb7 19. Rc2 Rc7 20. Rfc1 Kh8 21.
e4 Bc5 22. Ne5 Bd6 23. Nc4 Be7 24. Na5 1-0

[Event "Mercredi 2022.08.31 ABCD"]
[Site "Montreal CAN"]
[Date "2022.09.07"]
[Round "2"]
[White "Adam, Rafael"]
[Black "Batorshyn, Ilia"]
[Result "1-0"]
[WhiteElo "2030"]
[BlackElo "2042"]
[PlyCount "125"]
[EventDate "2022.08.31"]
[EventType "tourn"]
[EventRounds "5"]
[EventCountry "CAN"]

1. d4 Nf6 2. c4 e6 3. g3 Bb4+ 4. Bd2 Be7 5. Bg2 d5 6. Nf3 O-O 7. O-O c6 8. Qc2
b6 9. Nc3 Ba6 10. cxd5 cxd5 11. Ne5 Nfd7 12. Nd3 Nc6 13. Qa4 Bb7 14. Rfc1 Rc8
15. e3 Na5 16. Qd1 Ba6 17. Bf1 Nf6 18. b3 Ba3 19. Rc2 Nc6 20. Bc1 Bd6 21. Na4
Qe7 22. Bb2 h5 23. Rac1 Bb7 24. Nf4 g6 25. Bd3 Nb4 26. Rxc8 Bxc8 27. Bb1 Bd7
28. Ba3 Nc6 29. Bxd6 Qxd6 30. Nb2 Kg7 31. Kg2 h4 32. Qd2 Rh8 33. Bd3 e5 34.
dxe5 Nxe5 35. Be2 g5 36. Nfd3 hxg3 37. hxg3 Qe6 38. Rh1 Rxh1 39. Kxh1 Qh3+ 40.
Kg1 Neg4 41. Bf3 Qh2+ 42. Kf1 Ne4 43. Qe1 Nxe3+ 44. Qxe3 Bh3+ 45. Ke2 Nxg3+ 46.
Kd1 Qg1+ 47. Qe1 Nf1 48. Qe5+ Kh7 49. Kc2 Nh2 50. Bxd5 Bg4 51. Be4+ Kg8 52.
Qxg5+ Kf8 53. Qh6+ Ke7 54. Qh4+ Kf8 55. Qg3 Qxg3 56. fxg3 Nf1 57. Nf2 Be6 58.
Nh1 f5 59. Bd3 Ne3+ 60. Kd2 Ng4 61. Ke2 Bd5 62. Nf2 Nh6 63. Ke3 1-0

[Event "Mercredi 2022.08.31 ABCD"]
[Site "Montreal CAN"]
[Date "2022.09.07"]
[Round "2"]
[White "Autotte, Daniel"]
[Black "Kozlov, Guennadi"]
[Result "1/2-1/2"]
[WhiteElo "1690"]
[BlackElo "1752"]
[PlyCount "113"]
[EventDate "2022.08.31"]
[EventType "tourn"]
[EventRounds "5"]
[EventCountry "CAN"]

1. d4 d5 2. Bf4 c6 3. c3 Nf6 4. e3 e6 5. Nf3 Nbd7 6. Nbd2 Be7 7. Bd3 Nh5 8. Ne5
Nxf4 9. exf4 Nf6 10. Qc2 g6 11. g4 Bd6 12. Ndf3 Qe7 13. O-O-O Bd7 14. Rde1
O-O-O 15. Kb1 Kb8 16. f5 Rhg8 17. g5 Nh5 18. f6 Qe8 19. Qd2 c5 20. dxc5 Bxc5
21. Ng4 Bc6 22. Nfe5 d4 23. Rhg1 Bb6 24. c4 Bc7 25. b4 a6 26. Ka1 Rf8 27. Rb1
b5 28. Nxc6+ Qxc6 29. cxb5 axb5 30. Rbc1 Qf3 31. Rc5 Rd5 32. Bxb5 Rxc5 33. bxc5
Bf4 34. Qb4 Qc3+ 35. Qxc3 dxc3 36. Kb1 Bxg5 37. Kc2 Nxf6 38. Kxc3 Nd5+ 39. Kc4
Bf4 40. Bc6 h5 41. Ne3 Nxe3+ 42. fxe3 Bxe3 43. Rb1+ Kc7 44. Rb6 Rd8 45. Kb5 Rd2
46. Rb7+ Kc8 47. Rxf7 Rb2+ 48. Kc4 Rxa2 49. Bd7+ Kd8 50. Bxe6 Rxh2 51. c6 Rc2+
52. Kd5 Bb6 53. Rd7+ Ke8 54. Bf7+ Kf8 55. Bxg6 Rd2+ 56. Ke5 Rxd7 57. cxd7
1/2-1/2

[Event "Mercredi 2022.08.31 ABCD"]
[Site "Montreal CAN"]
[Date "2022.09.07"]
[Round "2"]
[White "Baran, Marius"]
[Black "Wang, Rachel"]
[Result "1/2-1/2"]
[WhiteElo "1781"]
[BlackElo "1726"]
[PlyCount "91"]
[EventDate "2022.08.31"]
[EventType "tourn"]
[EventRounds "5"]
[EventCountry "CAN"]

1. d4 d5 2. c4 dxc4 3. Nf3 Nf6 4. e3 e6 5. Bxc4 c5 6. O-O Nc6 7. dxc5 Qxd1 8.
Rxd1 Bxc5 9. a3 O-O 10. b4 Be7 11. Bb2 a6 12. Nbd2 b5 13. Be2 Bb7 14. Nb3 Nd5
15. Rac1 Nb6 16. Nfd4 Rac8 17. Nc5 Bxc5 18. Nxc6 Bxc6 19. bxc5 Na4 20. Bd4 Bd5
21. Rd2 Nb6 22. Rdc2 Nc4 23. Bxc4 Bxc4 24. Rb2 Rfd8 25. a4 f6 26. f4 Rd5 27.
axb5 axb5 28. c6 Rxc6 29. Ra1 Rcd6 30. Ra8+ Kf7 31. Bc3 Rd1+ 32. Kf2 Rf1+ 33.
Kg3 Rd3 34. Bd4 e5 35. fxe5 fxe5 36. Bc5 Kg6 37. Kh4 Rd5 38. Rc8 e4 39. Rc6+
Rf6 40. Rc7 Rh5+ 41. Kg3 Rg5+ 42. Kh4 Be6 43. h3 Rh5+ 44. Kg3 Bc4 45. Bd4 Rf7
46. Rc6+ 1/2-1/2

[Event "Mercredi 2022.08.31 ABCD"]
[Site "Montreal CAN"]
[Date "2022.09.07"]
[Round "2"]
[White "Brassard, Sylvain"]
[Black "Cote, Etienne"]
[Result "0-1"]
[WhiteElo "1694"]
[BlackElo "1769"]
[PlyCount "66"]
[EventDate "2022.08.31"]
[EventType "tourn"]
[EventRounds "5"]
[EventCountry "CAN"]

1. d4 Nf6 2. Bf4 c6 3. c3 d6 4. e3 Qb6 5. Qc2 Nh5 6. Bg5 h6 7. Bh4 g5 8. Be2
Nf6 9. Bg3 Bg7 10. Nd2 Nbd7 11. Ngf3 Nh5 12. Nf1 a5 13. N3d2 Nhf6 14. f3 e5 15.
Nc4 Qc7 16. O-O-O Nd5 17. e4 N5b6 18. dxe5 dxe5 19. Nd6+ Kf8 20. Bf2 a4 21. b3
Kg8 22. Ne3 axb3 23. axb3 Bf8 24. Nef5 Nf6 25. h4 Be6 26. hxg5 hxg5 27. Rxh8+
Kxh8 28. Rh1+ Kg8 29. Rd1 Nc8 30. Nxc8 Qxc8 31. Qd2 Nh7 32. Kb2 Ra3 33. c4 Qa8
0-1